[Event "MNT-ch 75th"]
[Site "Podgorica"]
[Date "2023.02.10"]
[Round "6"]
[White "Bujisic, Milos"]
[Black "Milosevic, Vuk"]
[Result "1-0"]
[WhiteElo "1774"]
[BlackElo "1527"]
[PlyCount "79"]
[EventDate "2023.02.05"]
[EventType "swiss"]
[EventRounds "9"]
[EventCountry "MNE"]
[SourceTitle "CBM 212 Extra"]
[Source "ChessBase"]
[SourceDate "2023.03.31"]
[SourceVersion "1"]
[SourceVersionDate "2023.03.31"]
[SourceQuality "1"]

1. e4 e6 2. c4 d5 3. cxd5 exd5 4. e5 Bf5 5. d4 Nd7 6. Nf3 Ne7 7. Bb5 c6 8. Ba4 f6 9. 0-0 fxe5 10. dxe5 Qc7 11. Bf4 Qb6 12. Qe2 Nc5 13. Be3 Bd3 14. Qd2 Bxf1 15. Nc3 Bxg2 16. Kxg2 Qa5 17. Bc2 h6 18. a3 Ne6 19. b4 Qc7 20. b5 g5 21. bxc6 bxc6 22. Nd4 Nxd4 23. Qxd4 Bg7 24. f4 Rg8 25. Kh1 gxf4 26. Bxf4 Kd8 27. Na4 Rc8 28. Nc5 Ke8 29. Rf1 Qb6 30. Rc1 Bh8 31. Bxh6 Bxe5 32. Qxe5 Qxc5 33. Bd3 Qxa3 34. Re1 Qb4 35. Bd2 Qh4 36. Qe6 Rc7 37. Qxg8+ Kd7 38. Qe6+ Ke8 39. Bh6 Qh5 40. Bg6+ 1-0

[Event "MNT-ch 75th"]
[Site "Podgorica"]
[Date "2023.02.07"]
[Round "3"]
[White "Scekic, Veljko"]
[Black "Bujisic, Milos"]
[Result "1-0"]
[WhiteElo "2168"]
[BlackElo "1774"]
[PlyCount "147"]
[EventDate "2023.02.05"]
[EventType "swiss"]
[EventRounds "9"]
[EventCountry "MNE"]
[SourceTitle "CBM 212 Extra"]
[Source "ChessBase"]
[SourceDate "2023.03.31"]
[SourceVersion "1"]
[SourceVersionDate "2023.03.31"]
[SourceQuality "1"]

1. Nf3 b6 2. e4 e6 3. d4 d5 4. Bd3 c5 5. exd5 exd5 6. Bb5+ Bd7 7. Bxd7+ Nxd7 8. dxc5 Nxc5 9. 0-0 Bd6 10. Re1+ Ne4 11. c4 Bc5 12. Be3 Ngf6 13. Bxc5 bxc5 14. Nc3 0-0 15. Nxd5 Re8 16. Qd3 Qa5 17. Nxf6+ Nxf6 18. Rxe8+ Rxe8 19. Qc2 h6 20. h3 Qb6 21. Rd1 Re4 22. b3 Qe6 23. Kf1 Qf5 24. Qd3 g6 25. Re1 h5 26. Rxe4 Nxe4 27. Kg1 Kg7 28. Qe3 a5 29. Nd2 Nf6 30. Qc3 g5 31. Nf3 Kh6 32. Qe3 Ne4 33. h4 f6 34. hxg5+ fxg5 35. Ne1 Kg6 36. Nd3 h4 37. a4 Nf6 38. Ne5+ Kh6 39. Qxc5 Ne4 40. Qc6+ Kg7 41. Qc7+ Kh6 42. f3 Ng3 43. Qc6+ Kg7 44. Qd7+ Qxd7 45. Nxd7 Ne2+ 46. Kf2 Nd4 47. Nc5 Kf6 48. Ke3 Nc2+ 49. Kd2 Nb4 50. Nd3 Nc6 51. Ke3 Kf5 52. Nf2 Nd8 53. Ne4 Ne6 54. Nd6+ Ke5 55. Nb7 Nf4 56. Kf2 Kd4 57. Nxa5 Kc3 58. Nc6 Kxb3 59. a5 Nd3+ 60. Ke3 Nc5 61. Kd4 Ne6+ 62. Ke5 Nc7 63. Kf5 Kxc4 64. Kxg5 h3 65. gxh3 Kb5 66. Nd8 Kxa5 67. h4 Ne8 68. h5 Kb6 69. h6 Kc7 70. h7 Kxd8 71. h8Q Ke7 72. f4 Nd6 73. Qe5+ Kd7 74. Kg6 1-0